ŁLas NIÑAS tenemos DERECHOS!

Detalles Bibliográficos
Formato: eBook
Lenguaje:español
Publicado: Ciudad de Mx̌ico: Cm̀ara de Diputados, 2017
Materias:
Acceso en línea:Acceso restringido

MARC

LEADER 00000nam a22000007a 4500
005 20170926225012.0
007 cr|||| ||||
008 170926s2017 mx |||||s||||f00||0 spa d
035 |a 20599 
040 |a vLex 
090 |c 7004  |d 7004 
245 0 4 |a ŁLas NIÑAS tenemos DERECHOS!  |h [Recurso electrn̤ico] / 
256 |a Servicio en ln̕ea 
260 |a Ciudad de Mx̌ico:  |b Cm̀ara de Diputados,  |c 2017 
300 |a 1 recurso electrn̤ico 
506 1 |a Disponible solo en los productos indicados  |d vLex Global  |d vLex Global (Academic Edition, excluding Law Schools)  |d vLex Global (U.S. Academic Edition, Law Schools)  |d vLex Global (U.S. Academic Edition, excluding Law Schools)  |d vLex Global (Academic Edition, Law Schools) 
650 0 4 |a Derecho Civil  |z Mx̌ico 
650 0 4 |a Derecho Constitucional  |z Mx̌ico 
740 0 |a vLex Libros (Servicio en ln̕ea) 
856 4 0 |u http://vlex.com/source/las-ni-as-tenemos-derechos-20599  |z Acceso restringido 
942 |c BOOK 
999 0 |a Civil Law 
999 0 |a Constitutional Law